| 000 | 00480nam a22001817a 4500 | ||
|---|---|---|---|
| 003 | OSt | ||
| 005 | 20180116183047.0 | ||
| 008 | 160721b xxu||||| |||| 00| 0 eng d | ||
| 020 | _a9781137360090 | ||
| 040 | _c0 | ||
| 082 | _a658.3 CAR 2015 | ||
| 100 | _aRoman Carbery | ||
| 245 |
_aHuman Resource Development _bA Concise Introduction _cRoman Carbery |
||
| 260 |
_aChina _bPalgrave _c2015 |
||
| 300 |
_a270 p. _bPB |
||
| 440 | _aHuman Resource Development | ||
| 942 |
_2ddc _cBK |
||
| 999 |
_c351463 _d351463 |
||